000 00621nam a2200241Ia 4500
003 OSt
005 20220924114538.0
006 a|||||r|||| 00| 0
007 ta
008 220923b |||||||| |||| 00| 0 ara d
024 _a315632
037 _cTextual
040 _aARTS
_cARTS
_bara
041 _2ara
_aara
082 _aQ7vD, 28N6
100 _aenged Ibne Au.
_9174165
245 0 _aAl-tabqaat al-kubra
260 _aBeirut
_bDarul sadir Lebanon
_c1960
650 _a ISLAM
_9577
650 _aHISTORY
942 _hQ7vD, 28N6
_cTEXL
_2CC
999 _c394114
_d394114